[Event "Hastings Masters op"]
[Site "Hastings"]
[Date "2022.12.28"]
[Round "1"]
[White "Ledger, Andrew"]
[Black "Li, Ethan2222"]
[Result "1-0"]
[WhiteElo "2314"]
[BlackElo "1889"]
[PlyCount "61"]
[EventDate "2022.12.28"]
[EventType "swiss"]
[EventRounds "10"]
[EventCountry "ENG"]
[SourceTitle "CBM 212 Extra"]
[Source "ChessBase"]
[SourceDate "2023.03.31"]
[SourceVersion "1"]
[SourceVersionDate "2023.03.31"]
[SourceQuality "1"]

1. Nf3 Nf6 2. c4 d6 3. Nc3 g6 4. g3 Bg7 5. Bg2 0-0 6. 0-0 e5 7. d3 a5 8. Rb1 c6 9. a3 Nbd7 10. b4 axb4 11. axb4 Re8 12. Qb3 Nf8 13. Bb2 h6 14. Ra1 Rxa1 15. Rxa1 Be6 16. b5 Qc7 17. Nd2 Rb8 18. Qa4 N8d7 19. Ba3 d5 20. Qa7 Rc8 21. Rb1 Qb8 22. Qa4 Qa8 23. Qb3 dxc4 24. Nxc4 Nd5 25. Nxd5 Bxd5 26. Bxd5 cxd5 27. Nd6 Rc7 28. Qxd5 Qxa3 29. Qxf7+ Kh8 30. Ne8 Rc1+ 31. Kg2 1-0

[Event "BCF-chT 2122 (4NCL)"]
[Site "England"]
[Date "2022.06.26"]
[Round "11.63"]
[White "Blackburn, Jonathan LB"]
[Black "Ledger, Andrew"]
[Result "0-1"]
[WhiteElo "2227"]
[BlackElo "2361"]
[PlyCount "100"]
[EventDate "2021.11.27"]
[EventType "team-swiss"]
[EventRounds "11"]
[EventCountry "ENG"]
[SourceTitle "EXT 2023"]
[Source "ChessBase"]
[SourceDate "2022.10.05"]
[SourceVersion "1"]
[SourceVersionDate "2022.10.05"]
[SourceQuality "1"]
[WhiteTeam "West is Best"]
[BlackTeam "Blackthorne Russia"]
[WhiteTeamCountry "ENG"]
[BlackTeamCountry "ENG"]

1. d4 Nf6 2. c4 e6 3. Nc3 Bb4 4. e3 0-0 5. Bd2 d5 6. Nf3 Re8 7. Qc2 b6 8. cxd5 exd5 9. Bd3 Bb7 10. a3 Bf8 11. Ng5 g6 12. h4 Ba6 13. Bxa6 Nxa6 14. h5 Bg7 15. Qd3 Nb8 16. 0-0-0 Nbd7 17. Nxh7 Nxh7 18. hxg6 fxg6 19. Nxd5 Ndf8 20. e4 Qd7 21. Bc3 Ng5 22. f3 Nge6 23. g3 Rad8 24. Nf4 Bxd4 25. Nd5 Bg7 26. Qc4 Qf7 27. Bxg7 Qxg7 28. Kb1 b5 29. Qc6 Nd7 30. Nxc7 Nxc7 31. Qxc7 Nf8 32. Qc6 Qf7 33. Rxd8 Rxd8 34. Qxb5 Qxf3 35. Qc4+ Kg7 36. Rc1 Qxg3 37. Ka1 Qe5 38. Rf1 Ne6 39. Qa4 a5 40. Qc6 Rf8 41. Qd7+ Kg8 42. Rh1 Ng7 43. Qh3 Nh5 44. Qg4 Kg7 45. Rd1 Rf2 46. Qd7+ Kh6 47. Qb7 Re2 48. Rd5 Qxe4 49. Qa8 Re1+ 50. Ka2 Qc4+ 0-1

[Event "British OTB-ch"]
[Site "Hull"]
[Date "2021.10.06"]
[Round "5"]
[White "Ledger, Andrew"]
[Black "Hebden, Mark"]
[Result "1-0"]
[WhiteElo "2329"]
[BlackElo "2455"]
[PlyCount "97"]
[EventDate "2021.10.02"]
[EventType "swiss"]
[EventRounds "9"]
[EventCountry "ENG"]
[SourceTitle "EXT 2022"]
[Source "ChessBase"]
[SourceDate "2021.10.06"]
[SourceVersion "1"]
[SourceVersionDate "2021.10.06"]
[SourceQuality "1"]

1. d4 Nf6 2. c4 g6 3. Nc3 Bg7 4. e4 d6 5. f3 0-0 6. Bg5 c5 7. d5 e6 8. Qd2 Qa5 9. Nge2 exd5 10. cxd5 b5 11. Ng3 b4 12. Nd1 Ba6 13. Bxa6 Qxa6 14. Qe2 Qxe2+ 15. Kxe2 Nbd7 16. Ne3 Nb6 17. Rac1 Rfe8 18. Rhd1 Nfd7 19. Rc2 a5 20. Ngf1 Ra6 21. Nd2 a4 22. Bf4 Ne5 23. Bg3 h5 24. h3 Ra7 25. f4 Ned7 26. Kf3 Nf6 27. e5 dxe5 28. fxe5 Nfd7 29. Ndc4 Bxe5 30. Nxe5 Nxe5+ 31. Bxe5 Rxe5 32. Rxc5 Rae7 33. Rd3 Nd7 34. Rb5 Re4 35. d6 R7e6 36. Nd5 Rc4 37. Nb6 Nxb6 38. Rxb6 Re8 39. b3 axb3 40. axb3 Rc3 41. Rxc3 bxc3 42. Rc6 Kg7 43. Rxc3 Kf6 44. Rd3 Rd8 45. d7 Ke7 46. Ke4 Ke6 47. b4 h4 48. Kf4 f6 49. Kg4 1-0

[Event "Leamington Spa 4NCL op 26th"]
[Site "Leamington Spa"]
[Date "2021.09.12"]
[Round "4"]
[White "Ireland, David J"]
[Black "Ledger, Andrew"]
[Result "0-1"]
[WhiteElo "1947"]
[BlackElo "2334"]
[PlyCount "120"]
[EventDate "2021.09.10"]
[EventType "swiss"]
[EventRounds "5"]
[EventCountry "ENG"]
[SourceTitle "CBM 204 Extra"]
[Source "ChessBase"]
[SourceDate "2021.11.30"]
[SourceVersion "1"]
[SourceVersionDate "2021.11.30"]
[SourceQuality "1"]

1. e4 c6 2. d4 d5 3. Nc3 dxe4 4. Nxe4 Bf5 5. Ng3 Bg6 6. Nf3 e6 7. h4 h6 8. h5 Bh7 9. Bd3 Bxd3 10. Qxd3 Nf6 11. Bd2 c5 12. 0-0-0 Nc6 13. Bc3 Qd5 14. dxc5 Qxd3 15. Rxd3 Bxc5 16. Rhd1 Rd8 17. Rxd8+ Nxd8 18. Bd4 Bxd4 19. Nxd4 Ke7 20. c4 Rg8 21. Kc2 g6 22. hxg6 Rxg6 23. Kd3 h5 24. Rh1 Rg4 25. Nxh5 Rxg2 26. Nxf6 Kxf6 27. Rh8 Ke7 28. Ke3 Rg1 29. Rh2 Re1+ 30. Kd2 Rb1 31. Kc2 Rf1 32. Kd3 Rd1+ 33. Kc3 Rc1+ 34. Kd3 e5 35. Nb3 Rd1+ 36. Kc2 Rg1 37. Nd2 Rg4 38. b4 Rf4 39. a3 Ne6 40. Kd3 Ng5 41. a4 Rd4+ 42. Ke3 Rxd2 43. Rh5 Rb2 44. Rxg5 Kf6 45. Rg8 Rxb4 46. Rb8 Rxc4 47. Rxb7 Rxa4 48. f3 Ke6 49. Rc7 Ra3+ 50. Ke2 f6 51. Rc6+ Kf5 52. Kf2 a5 53. Ra6 Kg5 54. Kg2 f5 55. Rc6 Kf4 56. Rc4+ Ke3 57. Kg3 Kd3 58. Rc5 Kd4 59. Rb5 e4 60. Rxf5 Rxf3+ 0-1